000 00654nam a2200229 a 4500
001 62800
003 BD-RjUL
005 20211209081126.0
008 170125s1842 enk 000 0 eng d
035 _a(BD-RjUL)62928
040 _aBD-RjUL
_beng
_cBD-RjUL
_dBD-RjUL
041 _aeng
082 _223
_a821.4
_bMIP 1842
100 1 _aMilton, John
_9186681
245 1 4 _aThe poetical works of John Milton /
_cJohn Milton, the rev. Henry John Todd
260 _aLondon :
_bA. Spottiswoode,
_c1842.
300 _aV. ;
_c18 cm.
505 _aV-2.--
600 _aMilton, John
_d1608-1674.
_9185818
700 _aTodd, Henry John
_9186682
942 _2ddc
_cBK
999 _c62800
_d62800